1680s Decade Quiz - Statistics

General Stats
  • This quiz has been taken 2,081 times
  • The average score is 12 of 16
Answer Stats
Hint Answer % Correct
Scientist whose "Principia Mathematica" was published by the Royal Society Isaac Newton
94%
Island conquered by the Qing dynasty Taiwan
94%
Palace where the Hall of Mirrors was built Versailles
89%
Territory on the Mississippi River which was explored by La Salle and named for the French king Louisiana
88%
City founded by William Penn Philadelphia
88%
Country with whom China signed the Treaty of Nerchinsk, the first formal treaty between China and a European power Russia
85%
Temple in Athens which was partially destroyed in a battle between Venice and the Ottoman Empire (who were using it for gunpowder storage) The Parthenon
85%
Dutch prince who was brought in to co-rule England with his wife Mary {William} of Orange
85%
Religious group that Penn was a part of Quakers
84%
Beverage which the Ottomans supposedly introduced to that capital Coffee
83%
Group of three physical laws explained in the above work Three laws of {motion}
82%
European capital which was besieged by the Ottoman Empire in 1683 Vienna
76%
Group of people forced to flee France after Louis XIV revoked the Edict of Nantes Huguenots (Protestants)
70%
Practice which was formalized in French colonies by the "Code Noir" Slavery
67%
Revolution which deposed James II as King of England {Glorious} Revolution
43%
Alliance of European powers which fought against the Ottomans {Holy} League
28%
No matching quizzes found
Score Distribution
Percent of People with Each Score
Percentile by Number Answered
Your Score History
You have not taken this quiz